My Top 100 Songs of 2021 - Guess the Artist - Statistics

General Stats
  • This quiz has been taken 29 times
  • The average score is 40 of 100
Answer Stats
Song Title Artist % Correct
All Too Well | Babe | Cornelia Street | +23 others Taylor Swift
93%
Butter | Dynamite BTS
85%
Levitating Dua Lipa
81%
Bad Habits Ed Sheeran
63%
Rain On Me Lady Gaga & Ariana Grande
59%
Montero (Call Me By Your Name) Lil Nas X
59%
Heaven is a Place on Earth Belinda Carlisle
41%
Eastside benny blanco, halsey, & khalid
41%
Kiss My (Uh-Oh) Anne-Marie & Little Mix
33%
Party for One | Stay Away | Want You in My Room Carly Rae Jepsen
33%
Like That Doja Cat
33%
Kiss Me Sixpence None the Richer
33%
If You're Too Shy (Let Me Know) | Me & You Together Song | TOOTIMETOOTIMETOOTIME The 1975
30%
Shake It Out Glee Cast
26%
Break Up Song | Confetti | Cut You Off | +6 others Little Mix
26%
Heartbreak Anthem Little Mix, Galantis, & David Guetta
26%
STAY The Kid LAROI & Justin Beiber
26%
Wait a Minute! Willow
26%
Good Ones Charli XCX
22%
Rumors Lizzo & Cardi B
22%
Diamonds Sam Smith
22%
Body Megan Thee Stallion
19%
LUCID | XS Rina Sawayama
19%
Renegade Big Red Machine
15%
C'est La Vie B*Witched
15%
The One and Only Chesney Hawkes
15%
Have Mercy Chloe
15%
Do It | Forgive Me | Ungodly Hour Chloe x Halle
15%
Informer Snow
15%
Rock the Boat The Hues Corporation
15%
Helpless Hamilton
11%
Call Your Girlfriend Robyn
11%
On the Ground ROSE
11%
Best Friend Saweetie
11%
Breathless | Summer Sunshine The Corrs
11%
And We Danced The Hooters
11%
If You Ever Leave, I'm Coming with you The Wombats
11%
Church | Listen!!! | Pretty Places | +2 others Aly & AJ
7%
Bless My Heart Cady Groves
7%
Two Doors Down Dolly Parton
7%
Let Me Go Hailee Steinfeld & Alesso
7%
justified Kacey Musgraves
7%
Mama Tried Merle Haggard
7%
Am I Pretty? | Bad Behavior | Don't Come Down The Maine
7%
If She Wants Me Belle and Sebastian
4%
Somebody Loves You Betty Who
4%
Do Ya Electric Light Orchestra
4%
Everywhere Michelle Branch
4%
Underwater MIKA
4%
I TAEYEON
4%
The Laws Have Changed The New Pornographers
4%
Aquaman Walk the Moon
4%
No matching quizzes found
Score Distribution
Percent of People with Each Score
Percentile by Number Answered
Your Score History
You have not taken this quiz